|
|
|
|
| LEADER |
00000nab a2200000 a 4500 |
| 001 |
vtls000335266 |
| 003 |
SK-MaSNL |
| 005 |
20260304082255.0 |
| 008 |
250424c1988 xo 0 slo |
| 015 |
|
|
|a SNBRB19rr/mm-uuuuu
|
| 035 |
|
|
|a CL0335388
|
| 035 |
|
|
|a urn:nbn:sk:snk-ab896
|
| 035 |
|
|
|a (urnnbn)urn:nbn:sk:snk:ar-a03eiq
|
| 035 |
|
|
|a (uuid)a7839343-ee2b-4b2c-b9c2-bae2e43024eb
|
| 040 |
|
|
|a SNKBUCL
|b slo
|c SNKBUCL
|e AACR2
|
| 041 |
0 |
|
|a slo
|
| 044 |
|
|
|a xo
|c SK
|
| 080 |
|
|
|a 616-006-074
|2 1981
|
| 100 |
1 |
|
|a Kaušitz, Juraj
|4 aut
|9 346024
|
| 245 |
1 |
0 |
|a Rádioimunoanalýza v onkológii
|c Juraj Kaušitz
|
| 300 |
|
|
|b Res. angl., lit. 68 zázn. v češ., angl., nem.
|
| 650 |
0 |
7 |
|a onkológia
|2 snkbucl
|9 2540
|
| 655 |
|
7 |
|a články z novín a časopisov
|2 snkbucl
|9 267496
|
| 773 |
0 |
|
|t Bratislavské lekárske listy
|g Roč. 89, č. 7 (1988), s. 528-541
|
| 850 |
|
|
|a Slovenská národná knižnica
|
| 852 |
|
|
|a Slovenská národná knižnica
|
| 954 |
|
|
|a odborná, vedecká literatúra pôvodná (slovenská)
|2 lita
|
| 958 |
|
|
|a article27
|
| 958 |
|
|
|a NB
|
| 958 |
|
|
|a RK
|
| 958 |
|
|
|a MI
|
| 958 |
|
|
|a OND
|
| 958 |
|
|
|a EUIPO
|
| 992 |
|
|
|a RBX
|
| 999 |
|
|
|c 2795045
|d 2796975
|